Immunoassay and other Bioanalytical Techniques (Record no. 16440)

000 -LEADER
fixed length control field 00498nam a22001817a 4500
003 - CONTROL NUMBER IDENTIFIER
control field OSt
005 - DATE AND TIME OF LATEST TRANSACTION
control field 20170105103440.0
008 - FIXED-LENGTH DATA ELEMENTS--GENERAL INFORMATION
fixed length control field 120220t xxu||||| |||| 00| 0 eng d
020 ## - INTERNATIONAL STANDARD BOOK NUMBER
International Standard Book Number 0849339421
040 ## - CATALOGING SOURCE
Original cataloging agency ASAB
Transcribing agency ASAB
100 ## - MAIN ENTRY--PERSONAL NAME
Relator code Jeanette M Van Emon (Editor)
9 (RLIN) 31
245 ## - TITLE STATEMENT
Title Immunoassay and other Bioanalytical Techniques
260 ## - PUBLICATION, DISTRIBUTION, ETC.
Place of publication, distribution, etc. New York
Name of publisher, distributor, etc. CRC Press
Date of publication, distribution, etc. 2007
300 ## - PHYSICAL DESCRIPTION
Extent 512
440 ## - SERIES STATEMENT/ADDED ENTRY--TITLE
Title Immunoassay and other Bioanalytical Techniques
9 (RLIN) 32
650 ## - SUBJECT ADDED ENTRY--TOPICAL TERM
Source of heading or term Immunoassay
9 (RLIN) 33
942 ## - ADDED ENTRY ELEMENTS (KOHA)
Source of classification or shelving scheme
Koha item type Book
Holdings
Withdrawn status Lost status Source of classification or shelving scheme Damaged status Not for loan Permanent Location Current Location Date acquired Total Checkouts Full call number Barcode Date last seen Price effective from Koha item type
          Atta-ur-Rahman School of Applied Biosciences (ASAB) Atta-ur-Rahman School of Applied Biosciences (ASAB) 02/20/2012   616.07 VAN ASAB1371 06/14/2019 02/20/2012 Book
© 2023 Central Library, National University of Sciences and Technology. All Rights Reserved.